Score 0/12 Timer 01:00
0 Plays Today
Clue Answer % Correct
OLELEO
89.1%
QRUAIAUSAQUARIUS
80.9%
SUARTUTAURUS
79.7%
SPICESPISCES
76.9%
ACRORINPCCAPRICORN
76.4%
CRIPOOSSCORPIO
74.6%
MEIGINGEMINI
72.4%
VIGORVIRGO
70.5%
NECCRACANCER
69.2%
RAISEARIES
64.9%
BLAIRLIBRA
57.2%
GUITARISTSASAGITTARIUS
55.9%
Remove Ads.
Support Sporcle.
Get the best of Sporcle when you Go Orange. This ad-free experience offers more features, more stats, and more fun while also helping to support Sporcle. Thank you for becoming a member.

You're not logged in!

Compare scores with friends on all Sporcle quizzes.
OR
Log In

Show Comments

Extras

Top Quizzes Today


Score Distribution

Your Account Isn't Verified!

In order to create a playlist on Sporcle, you need to verify the email address you used during registration. Go to your Sporcle Settings to finish the process.

Report this User

Report this user for behavior that violates our Community Guidelines.

Details: